| 000 | 00405nam a2200169Ia 4500 | ||
|---|---|---|---|
| 008 | 180921t2016 xxu||||| |||| 00| 1 sin d | ||
| 041 | _asin | ||
| 080 |
_aX8C31 _bJAY |
||
| 100 | _aJayathilaka, Nihal Ranjith | ||
| 245 | _aකඩියා | ||
| 246 | _aKadiya | ||
| 260 |
_bSarasavi _aNugegoda _c2016 |
||
| 300 | _a147p., 21cm | ||
| 942 | _cBK | ||
| 999 |
_c7741 _d7741 |
||
| 003 | LK-CoDNM | ||
| 040 |
_aLK-CoDNM _dLK-CoDNM _eLK-CoDNM |
||